[Event "San Francisco TNM Fall op"]
[Site "San Francisco"]
[Date "2017.10.31"]
[Round "2"]
[White "Robertson, Guy"]
[Black "Mclain, Julian"]
[Result "1/2-1/2"]
[WhiteElo "1562"]
[BlackElo "1506"]
[PlyCount "57"]
[EventDate "2017.10.24"]
[EventType "swiss"]
[EventRounds "9"]
[EventCountry "USA"]
[SourceTitle "EXT 2023"]
[Source "ChessBase"]
[SourceDate "2022.10.05"]
[SourceVersion "1"]
[SourceVersionDate "2022.10.05"]
[SourceQuality "1"]

1. d3 d5 2. Nd2 e5 3. e4 d4 4. g3 Nf6 5. Bg2 Bg4 6. Ngf3 Bb4 7. 0-0 0-0 8. a3 Ba5 9. b4 Bb6 10. h3 Bxf3 11. Nxf3 Qe7 12. Nh4 Nc6 13. Nf5 Qe6 14. f4 Ne7 15. fxe5 Qxe5 16. Bf4 Qe6 17. h4 Rac8 18. Nxe7+ Qxe7 19. Bg5 Qe6 20. Bxf6 gxf6 21. Qf3 c5 22. Kh2 Rc6 23. Bh3 f5 24. Bxf5 Qh6 25. b5 Rc7 26. a4 a5 27. bxa6 bxa6 28. a5 Ba7 29. Kh3 1/2-1/2

[Event "San Francisco TNM Summer op"]
[Site "San Francisco"]
[Date "2017.07.11"]
[Round "7"]
[White "Robertson, Guy"]
[Black "Baterdene, Jonathan"]
[Result "1-0"]
[WhiteElo "1449"]
[BlackElo "1079"]
[PlyCount "45"]
[EventDate "2017.05.23"]
[EventType "swiss"]
[EventRounds "8"]
[EventCountry "USA"]
[SourceTitle "EXT 2023"]
[Source "ChessBase"]
[SourceDate "2022.10.05"]
[SourceVersion "1"]
[SourceVersionDate "2022.10.05"]
[SourceQuality "1"]

1. c4 e5 2. g3 Nf6 3. Bg2 d5 4. cxd5 Nxd5 5. a3 Nf6 6. e3 Nc6 7. Ne2 Bc5 8. 0-0 Be6 9. b4 Bb6 10. b5 Na5 11. Nbc3 Bb3 12. Qe1 0-0 13. a4 a6 14. Ba3 Re8 15. Bb4 axb5 16. axb5 c5 17. bxc6 Nxc6 18. Ba3 Nd5 19. Qb1 Nxc3 20. dxc3 Bd5 21. Rd1 e4 22. c4 Ne5 23. Rxd5 1-0

[Event "San Francisco TNM Winter op"]
[Site "San Francisco"]
[Date "2015.02.17"]
[Round "7"]
[White "Robertson, Guy"]
[Black "Henriques, Keith"]
[Result "1-0"]
[WhiteElo "1477"]
[BlackElo "145"]
[PlyCount "63"]
[EventDate "2015.01.06"]
[EventType "swiss"]
[EventRounds "8"]
[EventCountry "USA"]
[SourceTitle "EXT 2016"]
[Source "ChessBase"]
[SourceDate "2015.10.08"]
[SourceVersion "1"]
[SourceVersionDate "2015.10.08"]
[SourceQuality "1"]

1. Nf3 d5 2. g3 c6 3. Bg2 Nd7 4. d4 e6 5. Nbd2 Bd6 6. 0-0 Ne7 7. e4 0-0 8. e5 Bc7 9. c4 dxc4 10. Nxc4 Nb6 11. b3 Nxc4 12. bxc4 Nf5 13. Bb2 f6 14. Qe2 Qe7 15. exf6 gxf6 16. a4 h6 17. Rfe1 Re8 18. Qc2 e5 19. dxe5 fxe5 20. h4 b6 21. Nd2 Qf6 22. Ne4 Qe7 23. Ba3 Bd6 24. Nxd6 Nxd6 25. Rad1 Rd8 26. Qg6+ Kf8 27. Qxh6+ Ke8 28. Bxd6 Rxd6 29. Rxd6 Qc7 30. Rxe5+ Kf7 31. Qh7+ Kf8 32. Rf6+ 1-0

[Event "San Francisco TNM Winter op"]
[Site "San Francisco"]
[Date "2015.01.13"]
[Round "2"]
[White "Robertson, Guy"]
[Black "Sherwood, Peter"]
[Result "0-1"]
[WhiteElo "1477"]
[BlackElo "1669"]
[PlyCount "72"]
[EventDate "2015.01.06"]
[EventType "swiss"]
[EventRounds "8"]
[EventCountry "USA"]
[SourceTitle "EXT 2016"]
[Source "ChessBase"]
[SourceDate "2015.10.08"]
[SourceVersion "1"]
[SourceVersionDate "2015.10.08"]
[SourceQuality "1"]

1. Nf3 Nf6 2. d3 d5 3. Nbd2 e6 4. g3 Bc5 5. Bg2 0-0 6. 0-0 Nbd7 7. e4 dxe4 8. dxe4 e5 9. c3 a5 10. Qe2 Re8 11. Rd1 Qe7 12. h3 h6 13. a4 Nb6 14. b3 Bd7 15. Rb1 Bd6 16. Nc4 Nxc4 17. Qxc4 Bc6 18. Nh4 Qe6 19. Qe2 Rad8 20. c4 Rd7 21. Nf5 Bc5 22. Rxd7 Qxd7 23. Kh2 Rd8 24. f3 Qd1 25. Bf1 Ba3 26. Bxa3 Qxb1 27. Be7 Rd1 28. Ne3 Rd7 29. Bxf6 gxf6 30. Nf5 Qc1 31. Kg1 Kh7 32. f4 Qd1 33. Qe3 Qd2 34. Qf3 exf4 35. Qxf4 Qxf4 36. gxf4 Bxe4 0-1

[Event "San Francisco TNM Fall op"]
[Site "San Francisco"]
[Date "2014.10.28"]
[Round "2"]
[White "Robertson, Guy"]
[Black "Lin, Aung Tun"]
[Result "0-1"]
[WhiteElo "1494"]
[BlackElo "1689"]
[PlyCount "56"]
[EventDate "2014.10.21"]
[EventType "swiss"]
[EventRounds "8"]
[EventCountry "USA"]
[SourceTitle "EXT 2016"]
[Source "ChessBase"]
[SourceDate "2015.10.08"]
[SourceVersion "1"]
[SourceVersionDate "2015.10.08"]
[SourceQuality "1"]

1. Nf3 c5 2. g3 f5 3. d3 d5 4. Nbd2 Nf6 5. Bg2 e6 6. 0-0 Bd6 7. a4 Nc6 8. Re1 0-0 9. e4 e5 10. exd5 Nxd5 11. Nc4 Qc7 12. Nxd6 Qxd6 13. Bd2 f4 14. Ng5 Bf5 15. Ne4 Bxe4 16. Bxe4 Nd4 17. c3 Ne6 18. Qb3 Nf6 19. Qxb7 Rab8 20. Qc6 Nxe4 21. Qxe4 Ng5 22. Qc4+ Kh8 23. Red1 Qc6 24. b4 Qf3 25. Be1 Nh3+ 26. Kf1 fxg3 27. hxg3 Nxf2 28. bxc5 Nxd3+ 0-1